[Event "World Youth U16 Olympiad"]
[Site "Gyor HUN"]
[Date "2014.12.16"]
[Round "5.8"]
[Board "3"]
[White "Costachi, Mihnea"]
[Black "Kosakowski, Jakub"]
[Result "1-0"]
[WhiteTitle "FM"]
[WhiteElo "2356"]
[BlackElo "2106"]
[WhiteTeam "Romania"]
[BlackTeam "Poland 2"]
[WhiteFideId "1217518"]
[BlackFideId "1185080"]
[EventDate "2014.12.13"]
[EventType "team"]

1. d4 Nf6 2. c4 g6 3. Nc3 d5 4. Qb3 dxc4 5. Qxc4 Bg7 6. e4 a6 7. Bf4 b5 8. Qxc7
Qxc7 9. Bxc7 b4 10. Na4 Nfd7 11. Nf3 Bb7 12. Bd3 O-O 13. Nb6 Nxb6 14. Bxb6 Nd7
15. Ba5 Nf6 16. O-O Bxe4 17. Bxe4 Nxe4 18. Bxb4 Ra7 19. Rfe1 f5 20. Ne5 Rb7 21.
Ba3 Rc8 22. Rac1 Rbc7 23. Rxc7 Rxc7 24. f3 Nd6 25. Bc5 a5 26. Kf2 f4 27. g3 Nf5
28. gxf4 Rc8 29. b3 Bf6 30. Ke2 Ng7 31. Kd3 Ne6 32. Kc4 Nxf4 33. Nd7 Bg5 34. Nb6
Rb8 35. Kb5 Kf7 36. Rd1 Nd5 37. Ka6 Nc3 38. Rg1 Bf4 39. Re1 Bg5 40. a4 e6 41.
Rg1 Be3 42. Rg2 Bf4 43. Rc2 Nd1 44. Kxa5 Ne3 45. Re2 Nf5 46. Kb5 Rd8 47. a5
Nxd4+ 48. Bxd4 Rxd4 49. a6 Bb8 50. Rc2 Rd3 51. b4 Kf6 52. Rc8 1-0

[Event "World Youth U16 Olympiad"]
[Site "Gyor HUN"]
[Date "2014.12.16"]
[Round "5.8"]
[Board "4"]
[White "Dadello, Aleksandra"]
[Black "Toma, Radu-Cristian"]
[Result "1/2-1/2"]
[WhiteElo "2009"]
[BlackElo "2255"]
[WhiteTeam "Poland 2"]
[BlackTeam "Romania"]
[WhiteFideId "1177362"]
[BlackFideId "1217992"]
[EventDate "2014.12.13"]
[EventType "team"]

1. e4 c5 2. Nf3 Nc6 3. d4 cxd4 4. Nxd4 g6 5. c4 Bg7 6. Be3 d6 7. Nc3 Nh6 8. f3
f5 9. Qd2 Nxd4 10. Bxd4 Bxd4 11. Qxd4 e5 12. Qd5 Nf7 13. O-O-O O-O 14. h4 Qe7
15. exf5 gxf5 16. g4 Be6 17. Qd3 e4 18. Qd4 fxg4 19. Nxe4 Ne5 20. fxg4 Rf4 21.
g5 Kh8 22. Qxd6 Qxd6 23. Nxd6 Nxc4 24. Bxc4 Bxc4 25. Nxc4 Rxc4+ 26. Kb1 Rg8 27.
Rd7 Rg7 28. Rxg7 Kxg7 29. h5 Rg4 30. g6 hxg6 31. hxg6 Rxg6 1/2-1/2

[Event "World Youth U16 Olympiad"]
[Site "Gyor HUN"]
[Date "2014.12.16"]
[Round "5.9"]
[Board "1"]
[White "Vetoshko, Volodymyr"]
[Black "Plenca, Jadranko"]
[Result "1/2-1/2"]
[WhiteTitle "IM"]
[BlackTitle "FM"]
[WhiteElo "2424"]
[BlackElo "2313"]
[WhiteTeam "Ukraine"]
[BlackTeam "Croatia"]
[WhiteFideId "14122480"]
[BlackFideId "14527146"]
[EventDate "2014.12.13"]
[EventType "team"]

1. d4 d5 2. c4 c6 3. Nf3 Nf6 4. Nbd2 a6 5. e3 b5 6. cxd5 cxd5 7. Ne5 e6 8. Bd3
Bb7 9. a4 b4 10. a5 Nbd7 11. f4 Bd6 12. O-O O-O 13. Qe1 Qe7 14. Nb3 Ne4 15. Bd2
Nxd2 16. Qxd2 Rac8 17. Rfc1 Nb8 18. Rxc8 Rxc8 19. Rc1 Rxc1+ 20. Qxc1 f6 21. Nf3
Qc7 22. Qb1 h6 23. Qf1 Qc8 24. g4 e5 25. Bf5 Qc4 26. fxe5 Qxb3 27. exd6 Qxe3+
28. Qf2 Qxf2+ 29. Kxf2 Kf7 30. Ne1 g6 31. Bb1 Bc8 32. Nd3 Nc6 33. Nc5 Bxg4 34.
Nxa6 b3 35. Nc7 Nxa5 36. Nxd5 Nc4 37. Ne3 Nxe3 38. Kxe3 g5 39. Bd3 Ke6 40. Bc4+
Kxd6 41. Bxb3 f5 42. Bc4 Bh3 43. Kf2 f4 44. b4 h5 45. Be2 h4 46. Bf3 Bd7 47. Be4
g4 48. Bg2 Bb5 49. Bf3 gxf3 50. Kxf3 h3 51. Kxf4 Kd5 52. Kg3 Bd7 53. b5 Kd6 54.
Kh4 Kc7 55. Kg3 Kb6 56. d5 Kc5 57. Kh4 Kxd5 58. b6 Kc6 59. Kg3 Kxb6 60. Kf2 Kc5
61. Kg1 Kd4 62. Kf2 Kd3 63. Kg1 Ke3 64. Kh1 Kf3 65. Kg1 Bc6 66. Kf1 Ke3 67. Kg1
Bb5 68. Kh1 Bc4 1/2-1/2

[Event "World Youth U16 Olympiad"]
[Site "Gyor HUN"]
[Date "2014.12.16"]
[Round "5.9"]
[Board "2"]
[White "Tica, Sven"]
[Black "Vorontsov, Pavlo"]
[Result "0-1"]
[BlackTitle "FM"]
[WhiteElo "2236"]
[BlackElo "2374"]
[WhiteTeam "Croatia"]
[BlackTeam "Ukraine"]
[WhiteFideId "14526948"]
[BlackFideId "14116367"]
[EventDate "2014.12.13"]
[EventType "team"]

1. Nf3 g6 2. c4 Bg7 3. d4 f5 4. h4 Nf6 5. Nc3 O-O 6. Bf4 d6 7. g3 Nc6 8. d5 e5
9. Bg5 Ne7 10. Qd2 Ng4 11. h5 e4 12. Nh4 gxh5 13. Ng2 h6 14. Bf4 Ng6 15. Rxh5
Qe8 16. Nb5 N6e5 17. Bxe5 Bxe5 18. Rh4 Qf7 19. e3 c6 20. Na3 Bd7 21. Nf4 Rac8
22. Be2 Qf6 23. Nh5 Qf7 24. Nf4 Qf6 25. Nh5 Qf7 26. Nf4 Qg7 27. Nh5 Qg5 28. Nf4
Qg7 29. Nh5 Qe7 30. Nf4 Kh7 31. Bxg4 fxg4 32. Kf1 cxd5 33. cxd5 b5 34. Kg2 Bxf4
35. exf4 e3 36. Qb4 Bf5 37. Re1 Qe4+ 38. Qxe4 Bxe4+ 39. Kg1 e2 40. Nxb5 Bf3 41.
Nd4 Rc4 42. Ne6 Rfc8 43. Ng5+ Kg6 44. Nxf3 gxf3 45. Rh1 Rc1 46. Kh2 Rxe1 47.
Rxe1 Rc5 48. g4 Rxd5 0-1

[Event "World Youth U16 Olympiad"]
[Site "Gyor HUN"]
[Date "2014.12.16"]
[Round "5.9"]
[Board "3"]
[White "Osmak, Iulija"]
[Black "Livaic, Leon"]
[Result "1-0"]
[WhiteTitle "WFM"]
[WhiteElo "2308"]
[BlackElo "2193"]
[WhiteTeam "Ukraine"]
[BlackTeam "Croatia"]
[WhiteFideId "14101602"]
[BlackFideId "14531534"]
[EventDate "2014.12.13"]
[EventType "team"]

1. e4 e6 2. d4 d5 3. e5 c5 4. c3 Nc6 5. Nf3 Bd7 6. Be2 Nge7 7. O-O Ng6 8. g3 Be7
9. h4 cxd4 10. cxd4 O-O 11. h5 Nh8 12. h6 g6 13. Nbd2 f6 14. exf6 Bxf6 15. Nb3
Nf7 16. Nc5 b6 17. Nxd7 Qxd7 18. Bf4 Ne7 19. Rc1 g5 20. Be5 Bxe5 21. dxe5 Nf5
22. Kg2 g4 23. Nd4 N7xh6 24. Bxg4 Nxd4 25. Qxd4 Qf7 26. Rc6 Rae8 27. Rh1 Nxg4
28. Qxg4+ Kh8 29. f4 Rg8 30. Qh4 Rg6 31. Rhc1 Reg8 32. Rc8 Rxc8 33. Rxc8+ Rg8
34. Rc6 Rf8 35. Qg4 Re8 36. Qg5 Rf8 37. Kf2 Qd7 38. Qh6 Re8 39. Rd6 Qa4 40. Qh5
Rc8 41. Qf3 Qc2+ 42. Kg1 Qb1+ 43. Kh2 Qc2+ 44. Kh3 Qg6 45. Qg4 Qb1 46. Kh4 Rg8
47. Qxe6 Qh1+ 48. Qh3 Qe4 49. Rc6 d4 50. Rc8 d3 51. Rxg8+ Kxg8 52. Qe6+ Kf8 53.
Qd6+ Kf7 54. Qd7+ Kg6 55. Qe6+ Kg7 56. Qf6+ Kg8 57. e6 Qg6 58. Qd8+ Kg7 59. Qd7+
Kf6 60. g4 d2 61. Qxd2 Qb1 62. Qd5 Qe1+ 63. Kh5 Qg3 64. g5+ Kg7 65. Qd7+ Kh8 66.
Qe8+ Kg7 67. Qf7+ 1-0

[Event "World Youth U16 Olympiad"]
[Site "Gyor HUN"]
[Date "2014.12.16"]
[Round "5.9"]
[Board "4"]
[White "Muha, Miljenko"]
[Black "Shtembuliak, Evgeny"]
[Result "0-1"]
[BlackTitle "FM"]
[WhiteElo "2105"]
[BlackElo "2257"]
[WhiteTeam "Croatia"]
[BlackTeam "Ukraine"]
[WhiteFideId "14533332"]
[BlackFideId "14113325"]
[EventDate "2014.12.13"]
[EventType "team"]

1. d4 g6 2. c4 Bg7 3. e4 c5 4. Nf3 cxd4 5. Nxd4 Nc6 6. Be3 Nf6 7. Nc3 O-O 8. Be2
d6 9. O-O Nxd4 10. Bxd4 Bd7 11. Qd2 Bc6 12. f3 a5 13. b3 Nd7 14. Be3 Nc5 15.
Rab1 e6 16. Rbd1 Be5 17. g3 Qe7 18. Nb5 Bxb5 19. cxb5 Rfd8 20. f4 Bg7 21. Bf3 b6
22. Qf2 Rac8 23. g4 h6 24. Bg2 Bf6 25. Kh1 e5 26. g5 hxg5 27. fxg5 Bg7 28. Qf3
Rb8 29. Rf2 Ne6 30. Bf1 d5 31. Rxd5 Rxd5 32. exd5 Nf4 33. Bxf4 exf4 34. Qxf4 Be5
35. Qf3 Rf8 36. Qg2 Bd6 37. Bd3 Rc8 38. Bc4 Qe5 39. Re2 Qf4 40. Re4 Qc1+ 41. Qg1
Qd2 42. Re2 Qf4 43. Rf2 Qh4 44. Qg2 Bc5 45. Re2 Qf4 46. Re1 Bd6 47. Rf1 Qe5 48.
Qf2 Rc7 49. Qd2 Re7 50. Qg2 Qd4 51. Qf3 Qh4 52. Qg2 Re3 53. Qf2 Qe4+ 54. Qg2 Qe5
55. Rf2 Re1+ 56. Bf1 Rc1 57. Re2 Qa1 58. Rf2 Bc5 59. Rf3 Qd4 60. h3 Rc2 61. Qg3
Kg7 62. d6 Bxd6 63. Qe1 Rh2# 0-1

[Event "World Youth U16 Olympiad"]
[Site "Gyor HUN"]
[Date "2014.12.16"]
[Round "5.10"]
[Board "2"]
[White "Gumularz, Szymon"]
[Black "Zhu, Hong Rui"]
[Result "1-0"]
[WhiteElo "2241"]
[BlackElo "2085"]
[WhiteTeam "Poland 1"]
[BlackTeam "Canada 2"]
[WhiteFideId "1188062"]
[BlackFideId "2614740"]
[EventDate "2014.12.13"]
[EventType "team"]

1. d4 Nf6 2. c4 g6 3. Nf3 Bg7 4. Nc3 d5 5. Bg5 Ne4 6. cxd5 Nxc3 7. bxc3 Qxd5 8.
Qb3 Qa5 9. e3 b6 10. Bc4 e6 11. Bf4 Bb7 12. O-O Na6 13. Bb5+ c6 14. a4 Rc8 15.
Rfc1 Bf6 16. Nd2 cxb5 17. axb5 Rxc3 18. Qxc3 Qxb5 19. Qc4 Qxc4 20. Nxc4 Be7 21.
Bd6 f6 22. Bxe7 Kxe7 23. Na3 Kd7 24. Nb5 Ra8 25. Rcb1 Kc8 26. f3 Kd7 27. e4 g5
28. Rb2 Kc6 29. d5+ exd5 30. exd5+ Kc5 31. d6 Kc6 32. Rd1 Kd7 33. Re2 Re8 34.
Rxe8 Kxe8 35. d7+ Kd8 36. Nd6 Kxd7 37. Nxb7+ Kc6 38. Nd8+ Kc7 39. Ne6+ Kc6 40.
Ra1 Kb7 41. Nd8+ 1-0

[Event "World Youth U16 Olympiad"]
[Site "Gyor HUN"]
[Date "2014.12.16"]
[Round "5.10"]
[Board "3"]
[White "Doknjas, Joshua"]
[Black "Janik, Igor"]
[Result "1/2-1/2"]
[WhiteElo "2005"]
[BlackElo "2182"]
[WhiteTeam "Canada 2"]
[BlackTeam "Poland 1"]
[WhiteFideId "2614316"]
[BlackFideId "1159259"]
[EventDate "2014.12.13"]
[EventType "team"]

1. e4 c5 2. Nf3 d6 3. Bb5+ Nd7 4. O-O Nf6 5. d4 cxd4 6. Qxd4 e5 7. Qd3 h6 8. c4
a6 9. Ba4 b5 10. Bc2 Nc5 11. Qe2 b4 12. Nbd2 Be7 13. a3 Qb6 14. axb4 Qxb4 15. b3
a5 16. Ne1 Be6 17. Ba3 Qb6 18. Nd3 Nxd3 19. Qxd3 O-O 20. Rfd1 Rfd8 21. Nf1 Ng4
22. Qe2 Bh4 23. g3 Be7 24. Kg2 Qc6 25. f3 Nf6 26. Ne3 Qc8 27. Nf5 Bxf5 28. exf5
Qc6 29. g4 Rac8 30. Bb2 d5 31. Rxa5 dxc4 32. Bxe5 Rxd1 33. Bxd1 Nxg4 34. Bd4 Bf8
35. Ra4 cxb3 36. Bxb3 Nf6 37. Ra6 Qe8 38. Qb2 Be7 39. Ra1 Rb8 40. Rb1 Rd8 41.
Bc3 Qc6 42. Rf1 Nd5 43. Bd2 Bf6 44. Qb1 Bg5 45. Bxd5 Qxd5 46. Bxg5 hxg5 47. Qe4
Qd6 1/2-1/2

[Event "World Youth U16 Olympiad"]
[Site "Gyor HUN"]
[Date "2014.12.16"]
[Round "5.10"]
[Board "4"]
[White "Harazinska, Ewa"]
[Black "Peng, Jackie"]
[Result "1-0"]
[WhiteTitle "WFM"]
[BlackTitle "WIM"]
[WhiteElo "2143"]
[BlackElo "1982"]
[WhiteTeam "Poland 1"]
[BlackTeam "Canada 2"]
[WhiteFideId "1118374"]
[BlackFideId "2609819"]
[EventDate "2014.12.13"]
[EventType "team"]

1. d4 Nf6 2. c4 g6 3. Nc3 Bg7 4. e4 d6 5. Nf3 O-O 6. Be2 e5 7. O-O Nc6 8. d5 Ne7
9. b4 a5 10. Ba3 Nd7 11. bxa5 Rxa5 12. Bb4 Ra8 13. a4 Bh6 14. Nd2 f5 15. a5 Nf6
16. c5 Bxd2 17. Qxd2 Nxe4 18. Nxe4 fxe4 19. Bc3 Nf5 20. Ra4 Nd4 21. Rxd4 exd4
22. Qxd4 Kf7 23. Qg7+ Ke8 24. Qxh7 Qe7 25. Qxg6+ Kd8 26. cxd6 cxd6 27. Bd4 Bf5
28. Bb6+ Kc8 29. Qg3 Kb8 30. a6 Rxa6 31. Bxa6 bxa6 32. Rc1 Rc8 33. Rxc8+ Kxc8
34. Qa3 Kb7 35. Qb4 Ka8 36. h4 Bg6 37. Be3 Bf7 38. Qb6 Bxd5 39. Qxa6+ Kb8 40.
Qb6+ Kc8 41. h5 Bf7 42. Qc6+ Qc7 43. Qxe4 Bxh5 44. Qf5+ Kd8 45. Qh7 1-0

[Event "World Youth U16 Olympiad"]
[Site "Gyor HUN"]
[Date "2014.12.16"]
[Round "5.11"]
[Board "1"]
[White "Nikitenko, Mihail"]
[Black "Bakalchuk, Johnatan"]
[Result "1-0"]
[BlackTitle "FM"]
[WhiteElo "2379"]
[BlackElo "2300"]
[WhiteTeam "Belarus"]
[BlackTeam "Israel"]
[WhiteFideId "13506862"]
[BlackFideId "2810301"]
[EventDate "2014.12.13"]
[EventType "team"]

1. e4 c5 2. Nf3 Nc6 3. d4 cxd4 4. Nxd4 g6 5. Nc3 Bg7 6. Be3 Nf6 7. Bc4 O-O 8.
Bb3 d5 9. Bxd5 Ng4 10. Nxc6 bxc6 11. Bxc6 Nxe3 12. fxe3 Rb8 13. Qxd8 Rxd8 14.
Nd5 Rxb2 15. O-O-O Kf8 16. Nb6 Bd4 17. Na4 Rxa2 18. exd4 Bg4 19. Kb1 Bxd1 20.
Kxa2 Bxc2 21. Kb2 Bxa4 22. Bxa4 Rxd4 23. Bc2 Rd2 24. Rg1 f5 25. Kc3 Rf2 26. h3
h5 27. exf5 gxf5 28. Bd1 h4 29. Kd4 Kg7 30. Ke5 Kg6 31. Bf3 Ra2 32. Rc1 Ra5+ 33.
Ke6 Kg5 34. Rc4 Rb5 35. Kxe7 a5 36. Ra4 Rb4 37. Rxa5 Kf4 38. Rd5 Rb6 39. Rd6 Rb5
40. Kf6 Rb4 41. Ke6 Ra4 42. Rb6 Ra5 43. Rb4+ Kg3 44. Rd4 f4 45. Rd5 Ra6+ 46. Kf7
Ra7+ 47. Kg6 1-0

[Event "World Youth U16 Olympiad"]
[Site "Gyor HUN"]
[Date "2014.12.16"]
[Round "5.11"]
[Board "2"]
[White "Zanan, Evgeny"]
[Black "Kazakovskiy, Valeriy"]
[Result "1/2-1/2"]
[WhiteTitle "FM"]
[WhiteElo "2300"]
[BlackElo "2378"]
[WhiteTeam "Israel"]
[BlackTeam "Belarus"]
[WhiteFideId "24101940"]
[BlackFideId "13507443"]
[EventDate "2014.12.13"]
[EventType "team"]

1. e4 e5 2. Nf3 Nc6 3. Bb5 a6 4. Ba4 Nf6 5. O-O Be7 6. d3 b5 7. Bb3 O-O 8. a4
Bb7 9. Nc3 b4 10. Nd5 Na5 11. Ba2 Nxd5 12. exd5 b3 13. cxb3 Bxd5 14. Nxe5 Bf6
15. Nc4 Nc6 16. Ne3 Be6 17. f4 Bd4 18. Kh1 f5 19. Nc2 Rb8 20. b4 Bxa2 21. Nxd4
Nxd4 22. Rxa2 Rxb4 23. Bd2 Rb8 24. Bc3 Ne6 25. Qf3 Qe7 26. Raa1 Qf7 27. Qe3 Rfe8
28. h3 d6 29. Qg3 d5 30. Be5 d4 31. Rf2 Rb3 32. Rc2 c5 33. Ra3 Rb7 34. Qf3 Qd7
35. Re2 Rb4 36. Ra1 Rb6 37. Rae1 Qxa4 38. g4 fxg4 39. Qxg4 Qc6+ 40. Kh2 g6 41.
Qh4 Nf8 42. Qh6 Rb7 43. f5 Rbe7 44. Re4 Rf7 45. Rg1 Ree7 46. Qh4 Re8 47. Qh6
Ree7 48. Qh4 Re8 1/2-1/2

[Event "World Youth U16 Olympiad"]
[Site "Gyor HUN"]
[Date "2014.12.16"]
[Round "5.11"]
[Board "3"]
[White "Zarubitski, Viachaslau"]
[Black "Grinberg, Eyal"]
[Result "1/2-1/2"]
[WhiteTitle "FM"]
[WhiteElo "2219"]
[BlackElo "2121"]
[WhiteTeam "Belarus"]
[BlackTeam "Israel"]
[WhiteFideId "13509373"]
[BlackFideId "2806070"]
[EventDate "2014.12.13"]
[EventType "team"]

1. Nf3 d5 2. b3 Nf6 3. Bb2 c6 4. e3 Bf5 5. Be2 h6 6. O-O e6 7. c4 Nbd7 8. d4 Be7
9. Nc3 O-O 10. Bd3 Bxd3 11. Qxd3 Qb6 12. e4 dxe4 13. Nxe4 Nxe4 14. Qxe4 Bf6 15.
Ne5 Nxe5 16. dxe5 Be7 17. Rfd1 Rfd8 18. Kf1 Bc5 19. Qe1 Qa6 20. Bc3 Be7 21. Qe2
Qb6 22. g3 Rxd1+ 23. Rxd1 Rd8 24. Kg2 Qc7 25. Rd2 Rxd2 26. Qxd2 c5 27. f3 Qc6
28. Ba5 b6 29. Bc3 Qb7 30. h4 g5 31. hxg5 hxg5 32. g4 Qc7 33. Kf2 Qd8 34. Qc2
Kg7 35. Kg2 Qd7 36. Qe4 Qd1 37. Be1 Qa1 38. Qe2 Qd4 39. Bf2 Qf4 40. Qe1 f6 41.
exf6+ Qxf6 42. Qd2 Qf7 43. Be3 Kg6 44. Qc2+ Kg7 45. Qc1 Kg6 46. Qc2+ Kg7 47. Qd2
Kg6 48. Qd7 Bf6 49. Qd6 Be7 50. Qb8 Bf6 51. a4 Qd7 52. a5 Qd3 53. Bf2 Qe2 54.
Qe8+ Kg7 55. Qd7+ Kh6 56. Kg1 Qxf3 57. Qxe6 Kg7 58. a6 Qd1+ 59. Kg2 Qd3 60. Bg3
Qc2+ 61. Kh3 Qh7+ 62. Kg2 Qc2+ 63. Bf2 Qd1 64. Qc8 Qe2 65. Qd7+ Kh6 66. Qf5 Bd4
67. Qf8+ Kh7 68. Qf7+ Bg7 69. Qf3 Qd2 70. Qh3+ Kg8 71. Qe3 Qd8 72. Qe6+ Kh8 73.
Qf5 Qd2 74. Qc8+ Kh7 75. Qb7 Qe2 76. Qf3 Qd2 77. Qe3 Qd8 78. Qe4+ Kh6 79. Be3
Bf6 80. Qe6 Kg7 81. Qc6 Qd3 82. Bf2 Qe2 83. Qf3 Qe6 84. Bg3 Bd4 85. Qb7+ Kg6 86.
Qf3 Kg7 87. Bf2 Bxf2 88. Kxf2 Qf6 89. Qxf6+ Kxf6 90. Kf3 Ke5 91. Ke3 Kd6 92. Ke4
Ke6 93. Kd3 1/2-1/2

[Event "World Youth U16 Olympiad"]
[Site "Gyor HUN"]
[Date "2014.12.16"]
[Round "5.11"]
[Board "4"]
[White "Kali, Omer"]
[Black "Badelka, Olga"]
[Result "1-0"]
[WhiteElo "2055"]
[BlackElo "1996"]
[WhiteTeam "Israel"]
[BlackTeam "Belarus"]
[WhiteFideId "2812436"]
[BlackFideId "13509926"]
[EventDate "2014.12.13"]
[EventType "team"]

1. e4 c5 2. Nf3 Nc6 3. Bb5 e6 4. Bxc6 bxc6 5. d3 Ne7 6. Qe2 Ng6 7. h4 h5 8. e5
d6 9. exd6 Bxd6 10. Nbd2 Rb8 11. g3 Qc7 12. b3 e5 13. Nc4 Bg4 14. Qe3 O-O 15.
Ng5 Be7 16. f3 Bxg5 17. hxg5 Be6 18. Bd2 e4 19. fxe4 Bg4 20. Ba5 Qe7 21. Bc3
Rbd8 22. Kd2 Rfe8 23. Rae1 Rc8 24. Kc1 Red8 25. Ref1 Re8 26. Kb1 Rb8 27. Bb2 Be6
28. Rxh5 Bxc4 29. dxc4 Qxe4 30. Qxc5 Qe2 31. Qf5 Qe6 32. Qf2 Rbd8 33. Qf3 Rd7
34. Qc3 Qe5 35. Qf3 Qe2 36. Qh1 Rde7 37. a4 Qxf1+ 38. Qxf1 Re1+ 39. Qxe1 Rxe1+
40. Ka2 a6 41. Rh2 Re3 42. Rg2 Nf8 43. b4 Nd7 44. Rd2 Ne5 45. Bxe5 Rxe5 46. Rd6
a5 47. b5 cxb5 48. axb5 Re4 49. Rc6 1-0

[Event "World Youth U16 Olympiad"]
[Site "Gyor HUN"]
[Date "2014.12.16"]
[Round "5.12"]
[Board "1"]
[White "Theodorou, Nikolas"]
[Black "Dankhazi, Andras"]
[Result "1-0"]
[WhiteElo "2321"]
[BlackElo "2237"]
[WhiteTeam "Greece"]
[BlackTeam "Hungary 3"]
[WhiteFideId "4262875"]
[BlackFideId "714267"]
[EventDate "2014.12.13"]
[EventType "team"]

1. d4 Nf6 2. c4 e6 3. Nf3 d5 4. Nc3 c5 5. cxd5 Nxd5 6. e4 Nxc3 7. bxc3 cxd4 8.
cxd4 Bb4+ 9. Bd2 Bxd2+ 10. Qxd2 O-O 11. Bc4 Nc6 12. O-O b6 13. Rad1 Na5 14. Bd3
Bb7 15. Rfe1 Rc8 16. d5 Qe7 17. Qf4 Rfd8 18. h4 Nc4 19. Bxc4 Rxc4 20. dxe6 fxe6
21. h5 Rf8 22. Qg4 Rc5 23. Rc1 Rfc8 24. Rxc5 Rxc5 25. Rd1 Kh8 26. Qf4 Rc8 27.
Ne5 Qf6 28. Qg3 Bxe4 29. Rd7 h6 30. f3 Bc2 31. Rxa7 Kg8 32. Rf7 Qg5 33. Qxg5
hxg5 34. Rb7 Rc5 35. Rb8+ Kh7 36. Nf7 g6 37. h6 1-0

[Event "World Youth U16 Olympiad"]
[Site "Gyor HUN"]
[Date "2014.12.16"]
[Round "5.12"]
[Board "2"]
[White "Peczely, Sebastian Zsombor"]
[Black "Drakoulakos, Grigorios"]
[Result "1/2-1/2"]
[WhiteElo "2197"]
[BlackElo "2334"]
[WhiteTeam "Hungary 3"]
[BlackTeam "Greece"]
[WhiteFideId "750964"]
[BlackFideId "4264541"]
[EventDate "2014.12.13"]
[EventType "team"]

1. e4 c5 2. Nf3 e6 3. d4 cxd4 4. Nxd4 Nc6 5. Nc3 Qc7 6. g3 a6 7. Bg2 Nf6 8. O-O
Nxd4 9. Qxd4 Bc5 10. Qd1 d6 11. Bf4 O-O 12. Qe2 Nd7 13. Rfd1 Ne5 14. Na4 b5 15.
Nxc5 Qxc5 16. Be3 Qc7 17. b3 Bb7 18. f4 Ng6 19. Qf2 Rac8 20. Rd2 Qb8 21. Re1
Rfd8 22. Ba7 Qa8 23. Bb6 Rd7 24. Bd4 Ne7 25. Ba1 Rcd8 26. Qe3 Nc6 27. Qc3 f6 28.
Bh3 Qa7+ 29. Rf2 Re7 30. Rd1 d5 31. exd5 exd5 32. Bg2 Re2 33. Qf3 1/2-1/2

[Event "World Youth U16 Olympiad"]
[Site "Gyor HUN"]
[Date "2014.12.16"]
[Round "5.12"]
[Board "3"]
[White "Tsiros, Fragkiskos Vlasios"]
[Black "Marosi, Levente"]
[Result "1-0"]
[WhiteElo "2147"]
[BlackElo "2211"]
[WhiteTeam "Greece"]
[BlackTeam "Hungary 3"]
[WhiteFideId "4228200"]
[BlackFideId "747181"]
[EventDate "2014.12.13"]
[EventType "team"]

1. e4 c5 2. Nf3 d6 3. d4 cxd4 4. Nxd4 Nf6 5. Nc3 a6 6. Be2 e5 7. Nb3 Be7 8. Be3
O-O 9. O-O Be6 10. Qd3 Nbd7 11. Nd5 Bxd5 12. exd5 Rc8 13. c4 Ne8 14. Qd2 b6 15.
f4 Qc7 16. Rac1 Nc5 17. Nxc5 bxc5 18. Bd3 Bf6 19. Qc2 g6 20. f5 g5 21. Qe2 Ng7
22. Bxg5 Qe7 23. Bh6 Kh8 24. Be4 Rg8 25. Rc3 Ne8 26. Rh3 Rb8 27. b3 a5 28. Qh5
Ng7 29. Qf3 Ne8 30. Bd2 Rg7 31. Qh5 Nc7 32. Bh6 Rbg8 33. Bxg7+ Rxg7 34. Rff3 Ne8
35. Rfg3 Qf8 36. Qh6 Qg8 37. Rxg7 Bxg7 38. Qh4 Nf6 39. Re3 Qf8 40. g4 1-0

[Event "World Youth U16 Olympiad"]
[Site "Gyor HUN"]
[Date "2014.12.16"]
[Round "5.12"]
[Board "4"]
[White "Krstulovic, Alex"]
[Black "Tsolakidou, Stavroula"]
[Result "0-1"]
[WhiteTitle "FM"]
[BlackTitle "WFM"]
[WhiteElo "2099"]
[BlackElo "2290"]
[WhiteTeam "Hungary 3"]
[BlackTeam "Greece"]
[WhiteFideId "760056"]
[BlackFideId "4264312"]
[EventDate "2014.12.13"]
[EventType "team"]

1. d4 Nf6 2. c4 e6 3. Nf3 Bb4+ 4. Bd2 Qe7 5. g3 Nc6 6. Nc3 O-O 7. Bg2 Na5 8. b3
b6 9. O-O Bb7 10. Qc2 Rac8 11. Nh4 Bxg2 12. Kxg2 c5 13. d5 exd5 14. cxd5 c4 15.
Nf5 Qe5 16. f4 Qe8 17. d6 cxb3 18. Ne7+ Qxe7 19. dxe7 bxc2 20. exf8=Q+ Bxf8 21.
Rae1 Nc4 22. Bc1 Bb4 23. Rf3 Ne4 24. Nd5 Bxe1 25. Ne7+ Kf8 26. Nxc8 Bd2 27. Rf1
Ne3+ 0-1

[Event "World Youth U16 Olympiad"]
[Site "Gyor HUN"]
[Date "2014.12.16"]
[Round "5.13"]
[Board "1"]
[White "Sanal, Vahap"]
[Black "Karas, Marek"]
[Result "1-0"]
[WhiteTitle "IM"]
[WhiteElo "2452"]
[BlackElo "2170"]
[WhiteTeam "Turkey"]
[BlackTeam "Slovakia West"]
[WhiteFideId "6300545"]
[BlackFideId "14928558"]
[EventDate "2014.12.13"]
[EventType "team"]

1. Nf3 Nf6 2. c4 e6 3. b3 d5 4. Bb2 Be7 5. g3 O-O 6. Bg2 c5 7. cxd5 exd5 8. d4
b6 9. O-O Be6 10. Nc3 Nbd7 11. Ng5 Re8 12. Nxe6 fxe6 13. e3 Rc8 14. Rc1 a6 15.
a4 Nf8 16. Qe2 c4 17. e4 dxe4 18. Nxe4 cxb3 19. Qxa6 Rxc1 20. Rxc1 Nxe4 21. Bxe4
Bf6 22. Bc6 Re7 23. Rd1 Ng6 24. Qb5 Ne5 25. Be4 Rd7 26. Qxb3 Nf7 27. Qxe6 Rd6
28. Qc4 1-0

[Event "World Youth U16 Olympiad"]
[Site "Gyor HUN"]
[Date "2014.12.16"]
[Round "5.13"]
[Board "2"]
[White "Kavon, Rastislav"]
[Black "Ali Marandi, Cemil Can"]
[Result "0-1"]
[BlackTitle "IM"]
[WhiteElo "2153"]
[BlackElo "2423"]
[WhiteTeam "Slovakia West"]
[BlackTeam "Turkey"]
[WhiteFideId "14925648"]
[BlackFideId "6300529"]
[EventDate "2014.12.13"]
[EventType "team"]

1. e4 e6 2. d4 d5 3. Nc3 Nf6 4. Bg5 dxe4 5. Nxe4 Be7 6. Nxf6+ Bxf6 7. Bxf6 Qxf6
8. Nf3 O-O 9. Bd3 c5 10. c3 cxd4 11. Nxd4 e5 12. Ne2 Nc6 13. O-O Be6 14. Ng3 g6
15. Qe2 Rad8 16. Bc4 Bxc4 17. Qxc4 Rd7 18. Rad1 Rfd8 19. Qb3 Kg7 20. Rxd7 Rxd7
21. Rd1 Qe6 22. Rxd7 Qxd7 23. h3 f5 24. Qb5 e4 25. Ne2 Qd1+ 26. Kh2 Qd6+ 27. Kg1
b6 28. Qc4 Ne5 29. Qd4 Qxd4 30. Nxd4 Kf6 31. Nb5 Nc6 32. Kf1 Ke5 33. Ke2 f4 34.
b3 g5 35. Na3 Kd5 36. Nb5 h5 37. g3 h4 38. gxh4 gxh4 39. Nc7+ Kd6 40. Nb5+ Ke5
41. Kd2 a6 42. Nc7 a5 43. Nb5 Ne7 44. Na3 Kd5 45. Nc4 Kc5 46. Ne5 b5 47. Ke2 b4
48. c4 Kd4 49. Ng4 Nf5 50. Nf6 f3+ 51. Kd2 e3+ 52. fxe3+ Nxe3 53. Ke1 Ke5 54.
Kf2 Nd1+ 55. Kxf3 Kxf6 56. Kg4 Nc3 57. c5 Ke6 58. Kxh4 Nxa2 59. Kg5 a4 0-1